000
00319pab a2200145 454500
008
180718b2005 xxu||||| |||| 00| 0 eng d
100
_a
Prabhu Pradip
245
_a
The right to live with dignity
260
_c
2005
300
_a
p.14-19.
362
_a
Aug
650
_a
Tribes
773
_a
Seminar
909
_a
66402
999
_c
66402
_d
66402